| 000 | 00704nac a22002051u 4500 | ||
|---|---|---|---|
| 010 | _a | ||
| 082 | 0 | 0 |
_a620.11 _bNAR |
| 090 |
_c6503 _d6503 |
||
| 100 | _aNarayan, Shanti | ||
| 245 | 1 | 2 |
_aA textbook of materials/ _cShanti Narayan,; revised by P. K. Mittal |
| 260 |
_aNew Delhi: _bS. Chand &Company,2005 _c2005 |
||
| 300 |
_a309 p. _bill. _c25 cm. |
||
| 490 | 0 | _aAddison-Wesley series in metallurgy and materials | |
| 500 | _adistributer: Al-Ahram | ||
| 511 | _acatalogued by: wessam | ||
| 650 | 0 | _aMaterials. | |
| 700 | _aMittal P. K. | ||
| 942 |
_cBB _k620.11NAR |
||
| 999 |
_c6503 _d6503 |
||